[Event "FIDE Candidates 2018"]
[Site "Berlin GER"]
[Date "2018.03.22"]
[Round "10"]
[White "Kramnik, Vladimir"]
[Black "Aronian, Levon"]
[Result "1-0"]
[WhiteElo "2800"]
[BlackElo "2794"]
[PlyCount "73"]
[EventDate "2018.03.10"]

1. e4 e5 2. Nf3 Nc6 3. Bc4 Bc5 4. Nc3 Nf6 5. d3 a6 6. Nd5 ({The move:} 6. a3 {
led to surprisingly sharp game after} h6 7. h3 Qe7 8. Ne2 d6 9. c3 Ba7 10. Ng3
Bd7 11. b4 O-O-O 12. a4 {Godena,M (2513)-Carlstedt,J (2442) Berlin 2015}) 6...
Nxd5 7. Bxd5 d6 $146 {This logical move is a novelty.} ({Previously:} 7... O-O
8. Bg5 Be7 9. h4 d6 10. Qd2 Bg4 11. c3 Qd7 12. O-O-O {has been tested in Benda,
H (2274)-Kilgus,G (2354) Austria 2007}) 8. Be3 Bxe3 9. fxe3 O-O {Now an
approximately equal game emerges. White's plan is clear: to castle, then bring
the queen on g3, knight on h4 and eventually f5, double the rooks on the
f-file and eventually mate. Black on his turn has many ways to try and prevent
this.} 10. O-O Nb8 $5 {A nice maneuver.} ({Safer looks} 10... Ne7 11. Bb3 Ng6
12. Qe1 Be6 {although then the knight on g6 does not do much.}) 11. b4 {
An agressive try, which however makes it easier for Black to find counterplay
on the queenside.} ({After} 11. a3 Nd7 12. Qe1 Nf6 13. Ba2 Be6 {the position
will be equal.}) 11... Nd7 12. Qd2 (12. Qe1 c6 13. Bb3 a5 14. a3) 12... c6 13.
Bb3 a5 14. a3 Nf6 15. h3 h6 16. Rab1 b5 17. Qc3 Bd7 {Aronian wants to play for
more than a draw.} ({Safe was to get rid of the light squared bishops as soon
as possible with:} 17... Qb6 18. Rbe1 (18. Kh2 Be6 ({Or} 18... Bd7 $5)) 18...
Be6 {with equality.} ({While} 18... Ra7 $5 {would lead to a sharp game as well
after} 19. Nh4)) 18. Rf2 {From here on Kramnik is consistently preparing the
exchange sacrifice on f6.} Qb6 19. Re1 Rfe8 {Preparing c6-c5.} (19... c5 $6 20.
bxc5 {leaves the central pawn hanging.}) 20. Nh4 c5 21. Ref1 {More preparation
is needed.} ({This was the first moment in which the exchange sacrifice was a
serious option:} 21. Rxf6 gxf6 22. Bd5 {would be well met with:} cxb4 $1 ({
This is better than} 22... Ra7 23. Rf1 cxb4 24. Qe1) 23. axb4 Ra7 {and Black
should repel the attack.}) 21... cxb4 {"I thought this is awfully dangerous." 
(Kramnik)} ({Kramnik spent all his time on the idea:} 21... c4 {either at once,
}) ({or the preliminary} 21... axb4 22. axb4 c4 {For example:} 23. dxc4 bxc4 (
23... Nxe4 $2 {is bad due} 24. c5 {(Kramnik)}) 24. Qxc4 Be6 25. Qe2 (25. Qd3
Qxb4 {"is equal" (Kramnik)}) 25... Nxe4 26. Rxf7 $5 {Then the former world
champion continued with his interesting calculations:} Ng3 $2 {(This actually
loses)} ({However} 26... d5 $1 {is very strong when Black takes over.}) {Here}
27. Qf3 $1 {was rejected by Kramnik on the account of} (27. Qd3 e4 (27... Nxf1
28. Rxg7+ Kf8 $1 {save Black indeed.} ({Rather than} 28... Kxg7 $2 29. Qg6+ Kf8
30. Qf6+ Kg8 31. Nf5 Ra7 32. Bxe6+ Rxe6 33. Qxe6+ Kh7 34. Qxh6+ Kg8 35. Qg6+
Kf8 36. Kxf1 {with clear advantage for White.})) 28. Bxe6 exd3 29. Rf8+ Kh7 30.
Bg8+ Kh8 31. Ng6# {(Kramnik)}) 27... Nxf1 {but there is a mate after} 28. Rf8+
$1 Rxf8 29. Bxe6+ Kh7 (29... Kh8 30. Ng6+ {loses for Black as well.}) 30. Qe4+
Kh8 31. Ng6+ Kh7 32. Nxf8+ Kh8 33. Qh7#) 22. Qe1 d5 $1 {It is mandatory to
bring the queen into the defense.} (22... bxa3 $2 {loses after the forcing:}
23. Rxf6 gxf6 24. Qg3+ Kh7 ({Or} 24... Kf8 25. Ng6+ $1 fxg6 26. Qxg6 Qxe3+ 27.
Kh2 Be6 28. Qxf6+ Kg8 29. Bxe6+ Rxe6 30. Qxe6+ {and Black will be mated soon.})
25. Rxf6 Re7 26. Rxf7+ Rxf7 27. Qg6+ Kh8 28. Qxh6+ Kg8 29. Ng6 {with mate on
h8 coming.}) 23. axb4 ({After} 23. Bxd5 {Black can sacrifice the exchange with}
bxa3 ({Or simply take the dangerous bishopat once} 23... Nxd5 24. exd5 f6) 24.
Bxa8 Rxa8 {with compensation in either case.}) ({Once more} 23. Rxf6 {deserves
serious investigation, and once more it appears a bit too early for it-} gxf6
24. Bxd5 bxa3 $1 {(Kramnik)} ({Or} 24... Ra6 25. axb4 a4 {as Aronian intended
to play.} (25... axb4 $5))) 23... dxe4 24. bxa5 Rxa5 ({On} 24... Qxa5 {Kramnik
intended} 25. Qd1 $1 {which creates the threat of finally capturing on f6
followed by Qd1-h5.} ({While Aronian did not like the possibility:} 25. Qxa5
Rxa5 26. Rxf6 {"with probable draw" (Kramnik, Aronian)})) 25. Ng6 $1 {Both
sides are walking into a minefield and whoever steps wrong first...} ({Here} 
25. Rxf6 {is plain wrong as the king escapes after} gxf6 26. Qg3+ Kf8 27. Ng6+
fxg6 28. Qxg6 Ke7) ({Kramnik also considered} 25. d4 {but the line that he
suggested seems suspect to say at least-} exd4 26. Rxf6 gxf6 27. Ng6 dxe3 28.
Kh1 {Now} b4 $1 {brings the black rook on the kingside and there is no attack
whatsoever.}) 25... Be6 {Instinctively, Aronian tries to neutralize the
pressure on the diagonal.} ({None of the players mentioned the move} 25... exd3
{which could have led to massive complications after} 26. Rxf6 gxf6 27. Qg3 Be6
{Here is a possible line:} 28. Rxf6 d2 29. Ne7+ Kf8 30. Nf5 $3 (30. Ng6+ Kg7)
30... d1=Q+ 31. Kh2 Re7 $1 {The only move.} ({If the rook goes to any other
square, say} 31... Rd8 {then} 32. Rxf7+ $1 {mates} Bxf7 33. Qg7+ Ke8 34. Qxf7#)
32. Qg7+ Ke8 33. Bxe6 $1 Qxe6 (33... Kd8 34. Nxe7) 34. Rxe6 Rxe6 35. Qg8+ Kd7
36. Qxf7+ Kd8 37. Qxe6 {when White can play for a win.}) 26. Nxe5 ({White's
initial idea:} 26. Rxf6 {deserves serious attention:} gxf6 27. Bxe6 ({Both
players thought that} 27. Qg3 $1 {loses to} Bxb3 28. cxb3 ({However here White
has the fantastic} 28. Nxe5+ $3 Kh8 29. Nd7 Qa7 30. Nxf6 Ra8 31. Qf4 {with
huge attack.}) 28... Kh7 $1 {(Kramnik, Aronian)}) 27... Rxe6 28. Nh4 Qd8 29.
Nf5 Kh7 30. Qh4 (30. Qg3 Qf8) 30... Qf8 31. Qxe4 {when it is anyone's game.})
26... exd3 ({Not} 26... Bxb3 27. Rxf6 gxf6 28. Nd7 $1 {(Kramnik)}) 27. Rxf6 $1
{Finally! If this was boxing I do not really want to imagine how they would
look like at the end...} gxf6 28. Rxf6 d2 $1 ({There is no need to bring the
white bishop in after} 28... dxc2 $2 29. Qg3+ Kf8 30. Bxc2) 29. Qg3+ ({Not} 29.
Qxd2 Ra1+ 30. Kf2 (30. Kh2 $2 {loses to} Qc7 31. Qd4 Bxb3 32. Qxa1 Bd5) 30...
Qa5 {when White's attack peters out.}) 29... Kf8 (29... Kh7 {is bad due} 30. c4
$1 {(Kramnik)}) 30. Rf1 $3 {"I thought this just finishes the game." (Kramnik)}
({Instead} 30. Nd7+ Ke7 31. Nxb6 {would see Black playing for a win after} Ra1+
$1 ({But not the instant:} 31... d1=Q+ 32. Rf1 Qd2 33. Bxe6 fxe6 (33... Kxe6
34. Qf4) 34. Qc7+) 32. Kh2 Rh1+ $3 33. Kxh1 d1=Q+ 34. Kh2 Kxf6) (30. c4 $5 {
"might be very interesting here" (Kramnik)} Qd8 (30... Ra1+ 31. Kh2 d1=Q 32.
Bxd1 Rxd1 33. Rxh6 {(Kramnik) White felt he should be mating here, but it
seems the king slips away after} Ke7) ({The Russian GM missed the defense} 
30... Ke7 $1 {when Black is doing more than fine.}) 31. Qf4 d1=Q+ 32. Bxd1
Qxd1+ 33. Kh2 {(Kramnik) This is indeed a win for White.}) 30... Ra7 $1 {
The only fighting defense.} ({Black loses after} 30... d1=Q 31. Rxd1) ({
Neither good is} 30... Qd6 31. Ng6+ $1) (30... Rd8 $5 {is harder to refute. In
fact after} 31. Qf4 d1=Q 32. Qxh6+ Kg8 33. Qg5+ {The draw seems the right
result, as if Black tries to play for a win with-} Kf8 34. Qh6+ Ke8 35. Qh8+
Ke7 36. Ng6+ $1 fxg6 37. Qf6+ Ke8 38. Qf8+ Kd7 39. Rxd1+ Bd5 $1 (39... Kc8 40.
Bxe6+) 40. Rxd5+ Kc8 41. Rc5+ Kb7 42. Qe7+ {he may end up losing.}) 31. Ng6+
Kg7 32. Nf4+ ({No repetition even considered:} 32. Ne7+ $2 Kh7) 32... Kh8 (
32... Kf8 $2 {drops the rook after} 33. Nxe6+ Rxe6 34. Bxe6 Qxe6 35. Qb8+) 33.
Nh5 f6 ({Again the only move as} 33... Rg8 34. Qe5+ Kh7 35. Nf6+ Kh8 36. Nd5+ {
wins loads of material for White.}) 34. Nxf6 Rf8 (34... Bxb3 $2 35. Nxe8) (
34... Ree7 {was suggested by Aronian and now rather than} 35. Bxe6 (35. Qg6 $2
Qxe3+ 36. Kh1 Bxb3 {wins for Black.}) ({White should do} 35. Qf4 $1 Bg8 36.
Qxh6+ Rh7 37. Qf4 $3 {with strong attack for the exchange.}) 35... Qxe6 36.
Qb8+ Kg7 37. Nh5+ Kh7 {(Kramnik)}) (34... Rd8 $1 {was also a resource with the
devilish idea} 35. Qf4 Bf5 $3 36. Nd5 Qg6) 35. Qf4 Rh7 36. Qe5 {The
culmination of the game.} Qc7 $2 {A blunder which puts an abrupt end of a
great game.} (36... Rg7 $1 {was the only move. Then after} 37. Bxe6 Qc6 {
The game should have objectively ended in a draw:} (37... Rg5 {is also OK as
long as Black goes for} 38. Nd7+ Rxe5 39. Rxf8+ Kh7 40. Rf7+ Kh8 $1 ({And not} 
40... Kg6 41. Nxe5+ Kh5 42. Rf5+ Kh4 43. Ng6+ Kg3 44. Rf3#)) (37... Qc7 38. Qd4
{is advantage for Black.}) 38. Bg4 (38. Bd5 Rxf6 $1 39. Bxc6 Rxf1+ 40. Kxf1 ({
But White still has a draw after} 40. Kh2 $1 d1=Q 41. Qe8+ Rg8 42. Qe5+) 40...
d1=Q+ {wins for Black.}) 38... d1=Q (38... Rxf6 39. Qxf6) 39. Rxd1 Qxf6 40.
Qxf6 Rxf6 {"should be a draw" (Kramnik, Aronian)}) 37. Ne8+ $1 {Black resigned
due to:} (37. Ne8+ Qxe5 38. Rxf8+ Bg8 39. Rxg8#) (37. Nh5+ $1 {would also do.})
1-0

[Event "FIDE Candidates 2018"]
[Site "Berlin GER"]
[Date "2018.03.22"]
[Round "10"]
[White "Mamedyarov, Shakhriyar"]
[Black "Caruana, Fabiano"]
[Result "1/2-1/2"]
[WhiteElo "2809"]
[BlackElo "2784"]
[PlyCount "115"]
[EventDate "2018.03.10"]

1. d4 Nf6 2. c4 e6 3. Nf3 d5 4. g3 dxc4 5. Bg2 Nc6 6. O-O Rb8 7. e3 Be7 (7...
b5 8. b3 cxb3 9. axb3 Be7 10. Qe2 O-O 11. Bd2 Bb7 12. Rc1 a6 {Radjabov,T (2722)
-Cheparinov,I (2677) Monzon 2016}) 8. Nfd2 e5 9. Bxc6+ bxc6 10. dxe5 Ng4 11.
Nxc4 Be6 12. Nbd2 $146 (12. Qxd8+ Rxd8 13. Nbd2 Bb4 14. e4 Bxd2 15. Nxd2 Nxe5
16. f4 Nd3 17. f5 Nxc1 18. Raxc1 Bxf5 19. exf5 Rxd2 20. Rxc6 Kd7 21. Rfc1 {
½-½ Van der Stricht,G (2424)-Hausrath,D (2507) Belgium 2008}) 12... h5 (12...
Rb4 13. b3 h5 14. f3 $6 (14. h3) 14... Nxe3 $1 15. Nxe3 Qd4 {Mamedyarov}) 13.
f3 (13. h3 Qd3 14. b3 h4 15. hxg4 hxg3 16. Qf3 Qh7 17. Qg2 Bd5 18. e4 Bc5 {
Caruana}) 13... Qd3 14. fxg4 Bxc4 15. Nxc4 Qxc4 16. gxh5 Qe6 17. Qf3 (17. b3
Qxe5 18. Qc2 Qxa1 19. Bb2 Qxa2 20. Qxc6+ Kd8 (20... Kf8 21. Rxf7+ $1) 21. Rd1+
{Mamedyarov}) 17... Rb5 18. Qf5 (18. Bd2 Rxb2 19. Bc3 Rc2 20. Rfc1 {Mamedyarov}
Rxc1+ 21. Rxc1 O-O 22. Bd4 c5 23. Bxc5 Bxc5 24. Rxc5 Qxa2) 18... Rxe5 19. Qxe6
Rxe6 (19... fxe6 20. Bd2 Rhxh5 21. Kg2) 20. Rf5 (20. g4 $6 g6 $1) 20... Rd6 (
20... Rf6 $5) 21. Kg2 Rd1 22. b3 g6 $6 {Mamedyarov thought he had a winning
position after this.} 23. Re5 (23. hxg6 fxg6 24. Rf2 Rf8) 23... c5 24. hxg6
fxg6 25. e4 Rh7 26. h4 {Missed by Caruana.} (26. Rd5 Re1 27. Rd2 Bf6 {Caruana/
Mamedyarov}) 26... Rf7 (26... c6 27. Re6 {Caruana/Mamedyarov}) 27. Kh3 Rff1 (
27... c6 28. Re6 Kd7 29. Rxg6 Rff1 30. Bg5 Rxa1 31. Rg7 {Caruana/Mamedyarov})
28. Bg5 Rxa1 29. Rxe7+ Kf8 30. Rxc7 Rxa2 31. Be7+ (31. e5 Re2 32. Bf4 Rf3 33.
Kg4 Rxb3 34. Kg5 Rb6 35. Rxc5 a6 36. g4 Kf7 {Caruana/Mamedyarov}) 31... Kg8 32.
Rc8+ (32. e5 Rb2 {Caruana/Mamedyarov}) 32... Kg7 33. Bxc5 Re2 34. e5 (34. Re8
a5 35. e5 Rc1 $1 36. Bd6 Rc3 {Caruana/Mamedyarov}) 34... Rd1 35. Re8 Rd5 36.
Bd6 (36. b4 a5 37. e6 g5 $1 38. e7 axb4 39. Rc8 b3 {Caruana/Mamedyarov}) 36...
Re3 37. Re7+ Kg8 38. Re8+ Kf7 39. Re7+ Kg8 40. b4 Rdd3 41. Kg4 Rxg3+ 42. Kf4
Rgf3+ 43. Ke4 Rfe3+ 44. Kf4 Rf3+ 45. Kg5 Rf7 46. e6 Rd5+ 47. Kxg6 Rxd6 48. Rxf7
Rxe6+ 49. Rf6 Re4 50. b5 Rxh4 51. Ra6 Rh7 52. b6 Rg7+ 53. Kh6 Rh7+ 54. Kg5 Rg7+
55. Kf5 axb6 56. Rxb6 Rf7+ 57. Rf6 Rxf6+ 58. Kxf6 1/2-1/2

[Event "FIDE Candidates 2018"]
[Site "Berlin GER"]
[Date "2018.03.22"]
[Round "10"]
[White "Ding, Liren"]
[Black "So, Wesley"]
[Result "1/2-1/2"]
[WhiteElo "2769"]
[BlackElo "2799"]
[PlyCount "61"]
[EventDate "2018.03.10"]

1. d4 d5 2. c4 e6 3. Nc3 Be7 4. Nf3 Nf6 5. Bf4 O-O 6. e3 b6 7. cxd5 (7. Bd3)
7... Nxd5 8. Nxd5 Qxd5 (8... exd5 9. Bd3 c5 10. O-O c4 11. Bb1 Nc6 12. b3 Be6
13. bxc4 dxc4 14. Qa4 Qd7 {Fedoseev,V (2724)-Friedel,J (2562) chess.com INT
2018}) 9. Be2 $5 {This confused So.} (9. Bxc7 Bb4+ 10. Nd2 Ba6 11. f3 Bxf1 12.
Rxf1 Nc6 13. a3 Rac8 {Jorczik,J (2405)-Baramidze,D (2613) Eppingen GER 2014})
9... Bb7 (9... Bb4+ 10. Nd2 Bxd2+ (10... Qxg2 11. Bf3 Bxd2+ 12. Kxd2 Qxf2+ 13.
Kc3 {Ding}) 11. Qxd2 Qxg2 12. O-O-O Ba6 13. Rhg1 Qc6+ 14. Kb1) 10. Bxc7 (10.
O-O Rc8) 10... Qa5+ $146 (10... Bb4+ 11. Kf1 Nc6 12. Qa4 Rfc8 13. Bg3 a6 14. h3
b5 15. Qd1 Na5 {Injac,T (2277)-Goczo,M (2176) Novi Sad 2017}) 11. Kf1 Nd7 12.
h4 Rac8 13. Bf4 (13. Bg3 $5 {So} Nf6 14. Ne5 Ne4 {Ding}) 13... Rfd8 (13... Bf6
14. Bd3 {So}) 14. Kg1 (14. a3 $5 {So}) 14... Bxf3 (14... Bf6 15. a3) 15. Bxf3
e5 16. Bg5 (16. Bg3 exd4 17. Bb7 Rc4 18. e4 Nf6 19. e5 Nd5) 16... Bxg5 (16...
f6 17. Qb3+ Kh8 18. Qf7 Qb4 19. Be4 {might be too dangerous (So).}) 17. hxg5
exd4 18. Qxd4 (18. g6 fxg6 19. Qxd4 Ne5) 18... Qxg5 19. Rh5 Qf6 20. Rd5 Qxd4
21. Rxd4 Ne5 22. Bd5 (22. Bb7 Rxd4 23. exd4 Rc7 24. Ba6 Ng4 25. d5 Nf6 26. d6 (
26. Rd1 Ne8) 26... Rd7 27. Rc1 g5 28. Rc7 Rxd6 29. Rxa7 Rd2) 22... Nc6 23. Rdd1
Kf8 24. Bxc6 (24. Rac1 Ke7) 24... Rxd1+ 25. Rxd1 Rxc6 26. Rd7 Rc2 27. Rxa7 Rxb2
28. a4 Ra2 29. Rb7 Ra1+ 30. Kh2 Rxa4 31. Rxb6 1/2-1/2

[Event "FIDE Candidates 2018"]
[Site "Berlin GER"]
[Date "2018.03.22"]
[Round "10"]
[White "Grischuk, Alexander"]
[Black "Karjakin, Sergey"]
[Result "1/2-1/2"]
[WhiteElo "2767"]
[BlackElo "2763"]
[PlyCount "56"]
[EventDate "2018.03.10"]

1. d4 Nf6 2. c4 e6 3. g3 Bb4+ 4. Bd2 Be7 5. Bg2 d5 6. Nf3 O-O 7. O-O Nbd7 8.
Qc2 c6 9. Rc1 (9. a4 a5 10. Rc1) 9... b6 10. a4 (10. cxd5 cxd5 11. Bf4 Bb7 12.
Qb3 Rc8 13. Rxc8 Qxc8 14. Nc3 Nh5 {Karjakin,S (2753)-Wei,Y (2743) Wijk aan Zee
2018}) 10... Ne4 $146 (10... Ba6 11. b3 c5 12. a5 Bb7 13. a6 Bc6 14. Ne5 Nxe5
15. dxe5 Nd7 {Pustovoitova,D (2382)-Gunina,V (2507) Moscow 2018}) 11. Be1 a5
12. Nbd2 Nxd2 13. Nxd2 Bf6 14. cxd5 (14. Qd3 Ba6) 14... cxd5 15. e4 Bxd4 16.
Nb3 (16. exd5 Nc5 17. Nb3 Nxb3 18. Qxb3 Ra7) 16... Bf6 17. exd5 exd5 18. Bxd5
Ra7 19. Bg2 (19. Bc3 Bxc3 20. Qxc3 Nf6 21. Bf3 Rd7 22. Rd1 Nd5) 19... h6 (19...
Ba6 20. Bc3 Rc7 (20... Ne5) 21. Bxf6 Rxc2 22. Bxd8 Rxc1+ 23. Rxc1 Rxd8 24. Bf1)
20. Bc3 Rc7 21. Bxf6 Rxc2 22. Bxd8 Rxc1+ 23. Rxc1 Rxd8 24. Rd1 Kf8 25. f4 Ke7
26. Re1+ Kf8 27. Rd1 Ke7 28. Re1+ Kf8 1/2-1/2

[Event "FIDE Candidates 2018"]
[Site "Berlin GER"]
[Date "2018.03.23"]
[Round "11.2"]
[White "So, Wesley"]
[Black "Mamedyarov, Shakhriyar"]
[Result "1/2-1/2"]
[WhiteElo "2799"]
[BlackElo "2809"]
[PlyCount "81"]
[EventDate "2018.??.??"]
[WhiteTeam "United States"]
[BlackTeam "Azerbaijan"]
[WhiteTeamCountry "USA"]
[BlackTeamCountry "AZE"]
[WhiteClock "1:50:10"]
[BlackClock "1:33:28"]

1. d4 Nf6 2. c4 e6 3. Nf3 d5 4. g3 Be7 5. Bg2 O-O 6. O-O dxc4 7. Qc2 c6 8. Qxc4
b5 9. Qc2 Bb7 10. Nc3 (10. Bg5 Nbd7 11. Nbd2 c5 12. Bxf6 gxf6 13. Rac1 Qb6 {
Vitiugov,N (2722)-Riazantsev,A (2650) St Petersburg 2017}) 10... Nbd7 11. Rd1
Qb6 {Mamedyarov: "I prepared this line for white for my game with Karjakin.
"It was time to play it with black!"} 12. Ne5 (12. e4 c5 13. d5 exd5 (13... c4)
14. e5 d4 15. exf6 Nxf6 16. Ne2 Be4) 12... Rfd8 13. Be3 $146 (13. Nxd7 Rxd7 14.
a4 a5 15. e4 b4 16. Ne2 c5 17. d5 exd5 18. e5 Ne8 19. Bh3 Rdd8 {Bazeev,G (2285)
-Koryakin,E (2369) Peterhof 2009}) (13. Bg5 Nxe5 14. dxe5 Ng4 15. Bxe7 Qxf2+
16. Kh1 c5 17. Rxd8+ Rxd8 18. Ne4 Qxg2+ 19. Kxg2 Ne3+ 20. Kf2 Nxc2 21. Rc1)
13... Nd5 {"Black is OK."} 14. Nxd5 cxd5 15. Rac1 Rac8 16. Qd3 b4 17. Rxc8 Bxc8
18. Qc2 Nxe5 19. dxe5 d4 20. Bxd4 Rxd4 21. Qxc8+ Rd8 22. Rxd8+ Qxd8 23. Qxd8+
Bxd8 24. b3 Bc7 25. f4 Bb6+ 26. Kf1 Be3 27. h4 h5 28. Bh3 Kf8 29. Kg2 Ke7 30.
Kf3 Bd2 31. e3 Be1 {Here Mamedyarov offered a draw. "But spectators might
wonder why draw, White is up a pawn." (So)} 32. f5 exf5 33. Bxf5 g6 34. Bd3 Bc3
35. Kf4 Be1 36. Bc4 Bf2 37. Bd5 Be1 38. g4 hxg4 39. Kxg4 Bc3 40. Kf4 Be1 41.
Kg4 1/2-1/2

[Event "FIDE Candidates 2018"]
[Site "Berlin GER"]
[Date "2018.03.23"]
[Round "11.3"]
[White "Caruana, Fabiano"]
[Black "Kramnik, Vladimir"]
[Result "1/2-1/2"]
[WhiteElo "2784"]
[BlackElo "2800"]
[PlyCount "79"]
[EventDate "2018.??.??"]
[WhiteTeam "United States"]
[BlackTeam "Russia"]
[WhiteTeamCountry "USA"]
[BlackTeamCountry "RUS"]
[WhiteClock "0:51:56"]
[BlackClock "0:04:42"]

1. c4 e6 2. Nc3 d5 3. d4 c6 4. e4 dxe4 5. Nxe4 c5 $5 {Virtually a novelty, as
early as move five.} (5... Bb4+ 6. Bd2 Qxd4 7. Bxb4 Qxe4+ 8. Be2 Na6 9. Bd6 b6
10. Nf3 Bb7 {Jobava,B (2702)-Lu,S (2627) Doha 2016}) 6. Nxc5 Nc6 $146 (6...
Bxc5 7. dxc5 Qxd1+ 8. Kxd1 Nf6 9. Be2 Bd7 10. b4 O-O 11. Be3 Rd8 {Hutt,A (2122)
-Moas,H Villa Carlos Paz 2003}) 7. Nf3 ({Caruana didn't like} 7. Be3 e5 8. dxe5
Qa5+ 9. Qd2) (7. Ne2 Nxd4 8. Nxb7 (8. Ne4 $5) 8... Nf3+ 9. gxf3 Qxd1+ 10. Kxd1
Bxb7 11. Bg2 Ne7 {Kramnik}) 7... Nxd4 8. Qxd4 Qxd4 9. Nxd4 Bxc5 10. Nb5 Ke7 11.
Bd2 ({Since everyone is using computers these days, Kramnik didn't see a
reason to keep it a secret that} 11. Nc7 {gives White an advantage.}) 11... Bd7
{Here the players agreed that Black is not worse.} 12. b4 Bxb5 13. cxb5 Bd6 ({
Kramnik didn't like} 13... Bd4 14. Rc1 Rd8 15. Rc7+ Rd7 16. Rc8 (16. Rxd7+ Kxd7
17. Be2 Ne7 18. Bf3 Rc8)) 14. g3 Rc8 (14... Nf6 15. Bg2 Nd5 {is equal.}) 15.
Bg2 b6 16. Ke2 Nh6 (16... h5 17. Rhc1 Rxc1 18. Rxc1 Nf6 19. Bg5 {Kramnik} (19.
a4 h4 20. a5 hxg3 21. hxg3 Rh5 22. Bc6 {Caruana})) 17. Rac1 Nf5 (17... Rxc1 18.
Rxc1 Nf5 19. a4 h5 20. Rc4 Be5 (20... Rd8) 21. f4 Bb8 22. Bc3) 18. Bc3 f6 19.
f4 $6 {Caruana wasn't happy with this.} (19. Be4 h5 20. h4 Rc7 21. a4 Rhc8 22.
Bc6 Be5 $5 {Kramnik}) 19... h5 20. Bc6 Rcd8 (20... Rcg8 21. Rcd1 g5 22. fxg5
Rxg5 23. Rhf1 Rf8 24. Rf4 $5) 21. a4 h4 22. Kf3 (22. g4 Nh6 23. Kf3 Nf7 24.
Rhe1 (24. a5 g5 25. axb6 axb6 26. Ra1 Bb8) 24... g5 25. Bd5 Bxf4 26. Rxe6+ Kf8)
22... hxg3 (22... Bb8 23. g4 Nd4+ 24. Ke3 e5 25. f5 h3) 23. hxg3 Rxh1 24. Rxh1
Bb8 ({Kramnik almost played} 24... Be5 {but then he didn't like} 25. fxe5 Rd3+
26. Kf2 Rxc3 27. Rd1) 25. Be4 Kf7 (25... Rc8 26. Bc6 Kf7 27. Rd1 {Caruana}) 26.
Rc1 Ne7 (26... g5 27. fxg5 fxg5 28. Be1 Rd4 29. g4 Nd6 {(Kramnik) and now} 30.
Bg3 $1 {is equal too.}) 27. Be1 f5 28. Bb1 Rd4 (28... g5 $5 29. fxg5 Rd4 30. a5
Bd6 {Kramnik}) 29. Bc3 Rc4 30. Ba2 Rc8 31. Bb2 Rd8 32. Bc4 Rc8 33. Bb3 Rxc1 34.
Bxc1 Bd6 35. Bd2 Nd5 36. Bxd5 exd5 37. Bc3 Be7 38. a5 Bf6 39. Bxf6 Kxf6 40. Ke3
1/2-1/2

[Event "FIDE Candidates 2018"]
[Site "Berlin GER"]
[Date "2018.03.23"]
[Round "11.4"]
[White "Aronian, Levon"]
[Black "Karjakin, Sergey"]
[Result "0-1"]
[WhiteElo "2794"]
[BlackElo "2763"]
[PlyCount "148"]
[EventDate "2018.??.??"]
[WhiteTeam "Armenia"]
[BlackTeam "Russia"]
[WhiteTeamCountry "ARM"]
[BlackTeamCountry "RUS"]
[WhiteClock "0:29:32"]
[BlackClock "0:22:12"]

1. c4 Nf6 2. Nf3 e6 3. g3 d5 4. Bg2 dxc4 5. Qa4+ c6 6. Qxc4 b5 7. Qb3 (7. Qc2
Bb7 8. a4 a6 9. Nc3 Nbd7 10. O-O Be7 11. d3 O-O 12. e4 h6 {Sargissian,G (2677)
-Xu,Y (2538) Moscow 2018}) 7... Bb7 8. O-O Be7 9. d4 O-O 10. Rd1 Nbd7 11. Ne5
Nxe5 12. dxe5 Nd7 13. Bf4 $146 (13. Nc3 Qc7 14. Bf4 Rfd8 15. Qc2 Qb6 16. Ne4 c5
17. Bg5 Bxg5 18. Nxg5 Nf8 {Sargissian,G (2679)-Houska,J (2372) Douglas 2015})
13... Qc7 14. Nd2 Rfd8 15. Rac1 a6 16. Qe3 c5 17. Bxb7 Qxb7 18. Ne4 c4 19. h4
h6 20. Rd4 Nf8 ({Karjakin mentioned} 20... Nb6 {as an option.}) 21. b3 Rxd4 22.
Qxd4 Rd8 23. Nd6 Bxd6 24. exd6 f6 {"A totally equal position." (Karjakin)} 25.
Be3 e5 26. Qb2 (26. Qg4 $11) 26... Qc6 27. bxc4 bxc4 28. Qb4 (28. Qc2 Rc8 29.
Rd1) 28... Rc8 $1 {"I already felt Black can play a bit," said Karjakin.} (
28... Rxd6 29. Bc5 Rd8 30. Bxf8 Rxf8 31. Rxc4 {is a draw.}) 29. f3 h5 30. Kf2
Kf7 31. Rd1 Nd7 32. Qb1 g6 33. g4 {Karjakin didn't like this as the resulting
structure change is favorable for Black.} Rh8 34. g5 f5 35. Qc2 Rc8 36. Qc3 Ke6
37. Kg2 Qa4 38. Qd2 Qb5 39. a4 Qc6 40. Qc2 Rb8 41. Bd2 Rb3 42. Bc3 $2 ({
White didn't need to give up the a-pawn. Karjakin expected} 42. a5 {but didn't
consider} Kxd6 {when} 43. Bb4+ Kc7 44. Be7 {is unclear.}) 42... Qxa4 43. Ra1
Qc6 44. Ra5 Rb5 45. Qa4 Nb6 46. Qa1 Rxa5 47. Qxa5 Qb5 48. d7 Kxd7 49. Qa3 Nd5
50. Bxe5 Qc6 {"I realised it's not easy at all, but I think I didn't spoil
anything." (Karjakin)} 51. Qf8 Qe6 52. Qb8 c3 53. Qb7+ Ke8 54. Qb8+ Kf7 55.
Qb7+ Ne7 56. Bxc3 Qxe2+ 57. Kh3 Qb5 58. Qc7 Qc6 59. Qe5 Qxf3+ 60. Kh2 Qf2+ 61.
Kh1 Qxh4+ 62. Kg1 Qxg5+ 63. Kh2 Qh4+ 64. Kg1 Qe4 65. Qg7+ Ke6 66. Bf6 Nd5 67.
Bb2 f4 68. Kh2 Kf5 69. Qf8+ Kg5 70. Qd8+ Kg4 71. Qc8+ Kh4 72. Bg7 Qe2+ 73. Kh1
Qf3+ 74. Kh2 Qg3+ 0-1